Multicore and GPU programming : (Record no. 19147)
[ view plain ]
| 000 -LEADER | |
|---|---|
| fixed length control field | 00831cam a22002535a 4500 |
| 001 - CONTROL NUMBER | |
| control field | 18322210 |
| 005 - DATE AND TIME OF LATEST TRANSACTION | |
| control field | 20150331153555.0 |
| 008 - FIXED-LENGTH DATA ELEMENTS--GENERAL INFORMATION | |
| fixed length control field | 141001t2015 maua frbd 001 0 eng d |
| 020 ## - INTERNATIONAL STANDARD BOOK NUMBER | |
| International Standard Book Number | 9780124171374 |
| 040 ## - CATALOGING SOURCE | |
| Original cataloging agency | DLC |
| Transcribing agency | DLC |
| Modifying agency | EG-ScBUE |
| 082 00 - DEWEY DECIMAL CLASSIFICATION NUMBER | |
| Edition number | 22 |
| Item number | BAR |
| Classification number | 004.35 |
| 100 1# - MAIN ENTRY--PERSONAL NAME | |
| Personal name | Barlas, Gerassimos. |
| 245 10 - TITLE STATEMENT | |
| Title | Multicore and GPU programming : |
| Remainder of title | an integrated approach / |
| Statement of responsibility, etc | Gerassimos Barlas. |
| 260 ## - PUBLICATION, DISTRIBUTION, ETC. (IMPRINT) | |
| Place of publication, distribution, etc | Waltham : |
| Name of publisher, distributor, etc | Morgan Kaufmann, Elsevier, |
| Date of publication, distribution, etc | c.2015. |
| 300 ## - PHYSICAL DESCRIPTION | |
| Extent | xix, 677 p. : |
| Other physical details | ill. ; |
| Dimensions | 23 cm. |
| 500 ## - GENERAL NOTE | |
| General note | Glossary : p. 659-660. |
| 500 ## - GENERAL NOTE | |
| General note | Index : p. 665-677. |
| 504 ## - BIBLIOGRAPHY, ETC. NOTE | |
| Bibliography, etc | Bibliography : p. 661-663. |
| 650 #0 - SUBJECT ADDED ENTRY--TOPICAL TERM | |
| Topical term or geographic name as entry element | Multiprocessors |
| General subdivision | Programming. |
| 9 (RLIN) | 37564 |
| 650 #0 - SUBJECT ADDED ENTRY--TOPICAL TERM | |
| 9 (RLIN) | 37076 |
| Topical term or geographic name as entry element | Parallel programming (Computer science). |
| 653 ## - INDEX TERM--UNCONTROLLED | |
| Resource For college | Engineering, General |
| Arrived date list | March2015 |
| 655 ## - INDEX TERM--GENRE/FORM | |
| Form subdivision | |
| -- | 34232 |
| 942 ## - ADDED ENTRY ELEMENTS (KOHA) | |
| Source of classification or shelving scheme | Dewey Decimal Classification |
| Call number prefix | 004.35 BAR |
| Withdrawn status | Item status | Source of classification or shelving scheme | Damaged status | Not for loan | Vendor | Home library | Current library | Shelving location | Date acquired | Source of acquisition | Total Checkouts | Total Renewals | Full call number | Barcode | Date last seen | Date last borrowed | Koha item type |
|---|---|---|---|---|---|---|---|---|---|---|---|---|---|---|---|---|---|
| Dewey Decimal Classification | Baccah | Central Library | Central Library | Lower Floor | 31/03/2015 | 1 | 11 | 004.35 BAR | 000037873 | 15/07/2025 | 02/03/2020 | Book - Borrowing |